Animal Anagrams Quiz Stats

 Plays Quiz not verified by Sporcle

Also try: Slogans Translated
Challenge
Share
Tweet
Embed
Score 0/30 Timer 05:00
0 Plays Today
Anagram Animal % Correct
actcat
100%
owccow
95.9%
girettiger
93.4%
groffrog
92.6%
oilnlion
89.3%
goddog
89.3%
lowfwolf
87.7%
kanessnake
86.9%
naslisnail
85.2%
enmyokmonkey
84.4%
hlenapetElephant
83.6%
ripedsspider
83.6%
negpiunpenguin
83.6%
ederdeer
82.8%
feigfargiraffe
81.1%
Anagram Animal % Correct
tomhmoth
80.3%
elsaseal
80.3%
ebrabear
77.9%
aohcrocckcockroach
73.8%
rultetturtle
73.8%
roshehorse
73%
knyodedonkey
72.1%
bartibrabbit
71.3%
ralklark
70.5%
sospmupossum
68%
zelgalegazelle
67.2%
hoirnrhino
66.4%
laertrcilapcaterpillar
65.6%
tulbfyertbutterfly
64.8%
idrlybadladybird
51.6%

You're not logged in!

Compare scores with friends on all Sporcle quizzes.
Join for Free
OR
Log In

You Might Also Like...

Show Comments

Extras

Top Quizzes Today


Score Distribution

Your Account Isn't Verified!

In order to create a playlist on Sporcle, you need to verify the email address you used during registration. Go to your Sporcle Settings to finish the process.

Report this User

Report this user for behavior that violates our Community Guidelines.

Details: